000 00602cam a22002293a 4500
001 13308
003 PGUSA
005 20140828083303.0
008 040827s2004||||xxu|||||s|||||000 | eng d
040 _aPGUSA
_beng
042 _adc
050 4 _aPH
100 1 _aPakkala, Teuvo,
_d1862-1925
245 1 0 _aTukkijoella
_h[electronic resource] /
_cTeuvo Pakkala
260 _bProject Gutenberg,
_c2004
506 _aPublic domain in the USA.
516 _aElectronic text
653 _aDrama
830 0 _aProject Gutenberg
_v13308
856 4 0 _uhttp://www.gutenberg.org/ebooks/13308
942 _cEB
999 _c242563
_d242563